| 000 | 00775nam a22002057a 4500 | ||
|---|---|---|---|
| 999 |
_c12386 _d12386 |
||
| 003 | AR-CdUCM | ||
| 008 | 190408b ||||| |||| 00| 0 spa d | ||
| 040 |
_aMUNICIPALIDAD PROVINCIAL DEL CUSCO _cBIBLIOTECA MUNICIPAL DEL CUSCO |
||
| 082 |
_a344.31 / _bB72 / 1935 |
||
| 100 |
_aBonilla, E. _930218 |
||
| 245 | _aEl tratamiento medico preventivo de la delincuencia y prostitución de menores / | ||
| 260 |
_aMadrid : _bRevista de derecho privado, _c1935. |
||
| 300 |
_a98 páginas ; _c19 cm. |
||
| 505 | _aContenido : Dedicatoria -- Prologo -- Prologo del autor -- Las clínicas de conducta -- Evolución del concepto del delito ... | ||
| 650 |
_aMedina _930219 |
||
| 650 |
_aHumana _919436 |
||
| 650 |
_aSociales _928612 |
||
| 942 |
_2ddc _cLIBROS |
||
| 945 |
_arah _d08/04/2019 |
||